[Event "Paris ch 2005"]
[Site "Paris FRA"]
[Date "2005.07.12"]
[Round "4.33"]
[White "Dudognon, Marc"]
[Black "Glicenstein, Asher"]
[Result "1/2-1/2"]
[WhiteElo "2227"]
[BlackElo "2301"]
[PlyCount "116"]
[EventDate "2005.07.09"]
[EventType "swiss"]
[EventRounds "9"]
[EventCountry "FRA"]
[Source "lmi"]
[SourceDate "2005.07.17"]

1. e4 c5 2. Nf3 Nc6 3. d4 cxd4 4. Nxd4 e5 5. Nb5 d6 6. N1c3 a6 7. Na3 Be6 8.
Nd5 Nf6 9. Bg5 Bxd5 10. Qxd5 Nxd5 11. Bxd8 Rxd8 12. exd5 Ne7 13. Bc4 f5 14. c3
g5 15. O-O-O Ng6 16. Nc2 g4 17. g3 Bh6+ 18. Kb1 O-O 19. h3 gxh3 20. Rxh3 Bg5
21. f3 Rde8 22. a4 Bf6 23. Re1 f4 24. Bd3 fxg3 25. Bxg6 hxg6 26. Rxg3 Kf7 27.
Rh1 Rh8 28. Rgh3 Rxh3 29. Rxh3 e4 30. f4 g5 31. fxg5 Bxg5 32. Rh7+ Kf6 33. Rxb7
e3 34. Rb6 Ke5 35. Rxa6 e2 36. a5 Kxd5 37. Rb6 e1=Q+ 38. Nxe1 Rxe1+ 39. Kc2 Bd8
40. Rb5+ Kc4 41. Rb4+ Kc5 42. Rb8 Bc7 43. b4+ Kc6 44. Rf8 Re5 45. Kb3 Re3 46.
Rf6 Bd8 47. Rf8 Be7 48. Rc8+ Kd7 49. Rc4 d5 50. Rf4 Kc6 51. Kc2 Bg5 52. Rf5
Re2+ 53. Kb3 Bd8 54. Rf8 Be7 55. Rf3 Bg5 56. Rd3 Bc1 57. c4 dxc4+ 58. Kxc4 Re4+
1/2-1/2

[Event "Paris ch 2005"]
[Site "Paris FRA"]
[Date "2005.07.12"]
[Round "4.34"]
[White "Lepan, Marvin"]
[Black "Leconte, Maria"]
[Result "0-1"]
[WhiteElo "2217"]
[BlackElo "2296"]
[PlyCount "122"]
[EventDate "2005.07.09"]
[EventType "swiss"]
[EventRounds "9"]
[EventCountry "FRA"]
[Source "lmi"]
[SourceDate "2005.07.17"]

1. Nf3 c5 2. g3 Nc6 3. Bg2 e5 4. O-O g6 5. e4 Bg7 6. c3 Nge7 7. d3 O-O 8. Be3
b6 9. d4 exd4 10. cxd4 d5 11. exd5 Nxd5 12. Bg5 f6 13. Bc1 Ba6 14. Re1 Ndb4 15.
d5 Qxd5 16. Qxd5+ Nxd5 17. Bd2 Rad8 18. a3 Nd4 19. Nxd4 cxd4 20. Bb4 Rf7 21.
Bxd5 Rxd5 22. Re8+ Bf8 23. Nd2 Kg7 24. Bxf8+ Rxf8 25. Ree1 Kf7 26. Rac1 Rc8 27.
f4 Rdc5 28. Rxc5 bxc5 29. Kf2 Bd3 30. Nb3 Bc4 31. Nd2 Bd5 32. b3 a5 33. a4 h6
34. Rc1 Ke6 35. Rb1 Rb8 36. g4 g5 37. Kg3 Kd6 38. fxg5 fxg5 39. Rf1 Re8 40.
Rf6+ Re6 41. Rf8 Re3+ 42. Kf2 Bxb3 43. Rh8 c4 44. Rxh6+ Kc5 45. h4 Bd1 46. Nxc4
Kxc4 47. hxg5 Bxg4 48. g6 Be6 49. g7 Bg8 50. Rc6+ Kd3 51. Rc8 Bd5 52. Rd8 Ba2
53. g8=Q Bxg8 54. Rxg8 Re2+ 55. Kf3 Ra2 56. Rg1 Rxa4 57. Rd1+ Kc2 58. Rh1 Ra3+
59. Ke4 d3 60. Ke3 d2+ 61. Ke2 Ra4 0-1

[Event "Paris ch 2005"]
[Site "Paris FRA"]
[Date "2005.07.12"]
[Round "4.35"]
[White "Roos, Jean-Luc"]
[Black "Gonzalez Diaz, Julio"]
[Result "1-0"]
[WhiteElo "2285"]
[BlackElo "2237"]
[PlyCount "153"]
[EventDate "2005.07.09"]
[EventType "swiss"]
[EventRounds "9"]
[EventCountry "FRA"]
[Source "lmi"]
[SourceDate "2005.07.17"]

1. d4 d6 2. e4 Nf6 3. Nc3 g6 4. Nf3 c6 5. a4 Bg7 6. Be2 O-O 7. O-O Nbd7 8. a5
d5 9. e5 Ne8 10. Ng5 Nc7 11. f4 f6 12. Nf3 b6 13. axb6 axb6 14. Be3 Ba6 15. Qd2
Qc8 16. Bf2 Bh6 17. Be3 Bg7 18. h3 Bxe2 19. Nxe2 Rxa1 20. Rxa1 Qb7 21. Qb4 Re8
22. Ng3 Bf8 23. Qb3 f5 24. Bf2 e6 25. Ne2 Ra8 26. Rxa8 Qxa8 27. Bh4 c5 28. c3
c4 29. Qc2 b5 30. g4 b4 31. cxb4 Bxb4 32. Nc3 Nf8 33. Kg2 Bxc3 34. Qxc3 Qa4 35.
Be7 Nb5 36. Qd2 Kf7 37. Bc5 h6 38. gxf5 gxf5 39. h4 Qb3 40. Bb4 Ng6 41. h5 Ne7
42. Bc3 Ke8 43. Kh3 Kd7 44. Qe3 Qd1 45. Kg3 Qh1 46. Qg1 Qxh5 47. Qa1 Qg4+ 48.
Kf2 Nxc3 49. bxc3 Ke8 50. Qa8+ Kf7 51. Qh8 Qg7 52. Qd8 Qg8 53. Qd7 Qe8 54. Qa7
Qb5 55. Qa1 Ng6 56. Qa7+ Ne7 57. Qa1 Kg7 58. Ng1 Qb3 59. Ne2 Qb8 60. Qg1+ Kh7
61. Qh1 Ng6 62. Qa1 Qd8 63. Ke3 h5 64. Qa6 Qe7 65. Qc8 Kh6 66. Qg8 Nf8 67. Qh8+
Nh7 68. Qa8 Qg7 69. Qc8 Qg6 70. Qd8 Kg7 71. Qe7+ Kh6 72. Kf2 Qg8 73. Ng1 Nf8
74. Nf3 Qg7 75. Qe8 Ng6 76. Qxe6 Qc7 77. Qxf5 1-0

[Event "Paris ch 2005"]
[Site "Paris FRA"]
[Date "2005.07.12"]
[Round "4.36"]
[White "Hess, Robert L"]
[Black "Tillet, Louis-Juan"]
[Result "1-0"]
[WhiteElo "2278"]
[BlackElo "2216"]
[PlyCount "93"]
[EventDate "2005.07.09"]
[EventType "swiss"]
[EventRounds "9"]
[EventCountry "FRA"]
[Source "lmi"]
[SourceDate "2005.07.17"]

1. e4 e6 2. d4 d5 3. Nc3 Bb4 4. e5 c5 5. a3 Bxc3+ 6. bxc3 Qc7 7. Nf3 b6 8. Bd3
Ba6 9. O-O Bxd3 10. cxd3 Ne7 11. a4 Nbc6 12. dxc5 Nxe5 13. Nxe5 Qxe5 14. a5 O-O
15. cxb6 Rfb8 16. Ba3 Nc8 17. d4 Qg5 18. Bc5 axb6 19. axb6 Rxa1 20. Qxa1 Qd8
21. Rb1 Nd6 22. Bxd6 Qxd6 23. Qa7 g6 24. g3 Rc8 25. Rb5 Rb8 26. Kg2 Kg7 27. h4
h6 28. Kh3 Kf6 29. Kg2 Kg7 30. Kf3 Kf6 31. Kg4 Kg7 32. Qc7 Qxc7 33. bxc7 Rc8
34. Rc5 f6 35. c4 dxc4 36. Rxc4 Kf7 37. Kf4 Ke7 38. Rc6 g5+ 39. Ke4 gxh4 40.
gxh4 Kd7 41. d5 h5 42. f4 exd5+ 43. Kxd5 Ke7 44. f5 Kd7 45. Rxf6 Ra8 46. Rf7+
Ke8 47. Rh7 1-0

[Event "Paris ch 2005"]
[Site "Paris FRA"]
[Date "2005.07.12"]
[Round "4.37"]
[White "Boukobza, Adrien"]
[Black "Doucet, Christian"]
[Result "0-1"]
[WhiteElo "2164"]
[BlackElo "2277"]
[PlyCount "56"]
[EventDate "2005.07.09"]
[EventType "swiss"]
[EventRounds "9"]
[EventCountry "FRA"]
[Source "lmi"]
[SourceDate "2005.07.17"]

1. d4 Nf6 2. c4 e6 3. Nf3 Bb4+ 4. Nc3 c5 5. e3 O-O 6. Bd3 d5 7. O-O Nc6 8. a3
Ba5 9. Ne2 dxc4 10. Bxc4 cxd4 11. Nexd4 Nxd4 12. Nxd4 Qe7 13. Bd2 Bxd2 14. Qxd2
Rd8 15. Rfd1 Bd7 16. Qb4 Qxb4 17. axb4 Rac8 18. Rac1 a6 19. h3 Kf8 20. Kf1 Ke7
21. Ke2 Ba4 22. b3 Bd7 23. b5 e5 24. bxa6 exd4 25. axb7 Rc7 26. Ba6 Nd5 27.
exd4 Kd6 28. Rc5 Nc3+ 0-1

[Event "Paris ch 2005"]
[Site "Paris FRA"]
[Date "2005.07.12"]
[Round "4.38"]
[White "Peyrat, Olivier"]
[Black "Larrat, Philippe"]
[Result "1-0"]
[WhiteElo "2265"]
[BlackElo "2195"]
[PlyCount "71"]
[EventDate "2005.07.09"]
[EventType "swiss"]
[EventRounds "9"]
[EventCountry "FRA"]
[Source "lmi"]
[SourceDate "2005.07.17"]

1. Nf3 g6 2. g3 c5 3. c4 Bg7 4. Bg2 Nc6 5. O-O d6 6. Nc3 e5 7. a3 Nge7 8. Rb1
a5 9. d3 O-O 10. Ne1 Be6 11. Bg5 f6 12. Be3 Rb8 13. Nc2 Nd4 14. b4 b6 15. Bd2
d5 16. cxd5 Nxd5 17. Nxd5 Bxd5 18. Bxd5+ Qxd5 19. Ne3 Qa8 20. Bc3 Nb5 21. bxc5
bxc5 22. Qb3+ Kh8 23. a4 Nd4 24. Qa2 f5 25. Bxd4 cxd4 26. Nc4 Qd5 27. Rxb8 Rxb8
28. Rb1 Re8 29. Qd2 e4 30. Qxa5 Qc6 31. Qb5 Qe6 32. Qb6 Qd7 33. a5 exd3 34.
exd3 f4 35. Qd6 Qf5 36. Rb8 1-0

[Event "Paris ch 2005"]
[Site "Paris FRA"]
[Date "2005.07.12"]
[Round "4.39"]
[White "Broca, Alexandre"]
[Black "Elbilia, Jacques"]
[Result "0-1"]
[WhiteElo "2166"]
[BlackElo "2336"]
[PlyCount "172"]
[EventDate "2005.07.09"]
[EventType "swiss"]
[EventRounds "9"]
[EventCountry "FRA"]
[Source "lmi"]
[SourceDate "2005.07.17"]

1. c4 d6 2. g3 e5 3. Bg2 Nf6 4. e4 Nc6 5. Ne2 h5 6. h3 h4 7. g4 g5 8. d3 Nd7 9.
Be3 Be7 10. O-O Nf8 11. d4 Ng6 12. d5 Nb8 13. f3 a5 14. Na3 O-O 15. Qd2 Nf4 16.
Nxf4 exf4 17. Bf2 Nd7 18. Nc2 Bf6 19. Ne1 Ne5 20. Rc1 c5 21. Rc2 Bd7 22. Nd3 b5
23. Nxe5 Bxe5 24. Rb1 Qb6 25. Bf1 bxc4 26. Bxc4 a4 27. Rcc1 Rfb8 28. b4 axb3
29. Rxb3 Qa7 30. Rcb1 Kg7 31. Rxb8 Rxb8 32. Rxb8 Qxb8 33. Qa5 Qb1+ 34. Qe1 Qb2
35. Qe2 Qb4 36. Qd3 Ba4 37. Kf1 Qb2 38. Bb3 Bd7 39. Bc4 Kf6 40. Qb3 Qd2 41. Ba6
Bd4 42. Bxd4+ Qxd4 43. Bc4 Ke5 44. Qc2 Be8 45. Kg2 Qa1 46. Bf1 Kf6 47. Kf2 Qd4+
48. Kg2 Ba4 49. Qc1 Bd1 50. Bc4 Ke7 51. Bf1 Ba4 52. Be2 Bd7 53. Bf1 Qb4 54. Bc4
Qa5 55. Kf2 Qb6 56. Qc2 Qb8 57. Ke1 Qh8 58. Bf1 Qd4 59. Qb3 Qg1 60. Qd3 Qg3+
61. Kd1 Qf2 62. Qe2 Qd4+ 63. Kc2 Ba4+ 64. Kb1 Qc3 65. e5 Qxe5 66. Qxe5+ dxe5
67. Kc1 Kd6 68. Bc4 Bd7 69. Kd2 f5 70. gxf5 Bxf5 71. a4 Bxh3 72. a5 Bc8 73. Ke1
Bb7 74. a6 Bxa6 75. Bxa6 h3 76. Kf2 Kxd5 77. Bc8 h2 78. Kg2 Kd4 79. Kxh2 Ke3
80. Bb7 c4 81. Kh3 c3 82. Be4 Kd2 83. Kg4 c2 84. Bxc2 Kxc2 85. Kf5 Kd3 86. Kxe5
Ke3 0-1

[Event "Paris ch 2005"]
[Site "Paris FRA"]
[Date "2005.07.12"]
[Round "4.40"]
[White "Rrhioua, Tarik"]
[Black "Montabord, Manuel"]
[Result "1-0"]
[WhiteElo "2315"]
[BlackElo "2200"]
[PlyCount "65"]
[EventDate "2005.07.09"]
[EventType "swiss"]
[EventRounds "9"]
[EventCountry "FRA"]
[Source "lmi"]
[SourceDate "2005.07.17"]

1. Nf3 Nf6 2. b3 d6 3. d4 g6 4. Bb2 Bg7 5. g3 O-O 6. Bg2 Nbd7 7. O-O c6 8. Nbd2
Qc7 9. e4 c5 10. d5 a6 11. a4 b6 12. Nh4 Nh5 13. Bxg7 Nxg7 14. f4 Bb7 15. Qe2
Rae8 16. f5 g5 17. Nhf3 g4 18. Nh4 Nf6 19. h3 h5 20. Qe3 Kh7 21. Rf2 Rg8 22. c4
Ref8 23. Raf1 Nge8 24. Rf4 Rg7 25. Re1 Nd7 26. hxg4 hxg4 27. f6 exf6 28. Nf5
Rg5 29. Rxg4 Qd8 30. Rh4+ Kg8 31. Nf3 Rg6 32. Kf2 Ne5 33. Reh1 1-0

[Event "Paris ch 2005"]
[Site "Paris FRA"]
[Date "2005.07.12"]
[Round "4.41"]
[White "Guerin, Francois"]
[Black "Verdier, Patrice"]
[Result "0-1"]
[WhiteElo "2171"]
[BlackElo "2252"]
[PlyCount "102"]
[EventDate "2005.07.09"]
[EventType "swiss"]
[EventRounds "9"]
[EventCountry "FRA"]
[Source "lmi"]
[SourceDate "2005.07.17"]

1. e4 c5 2. Nf3 d6 3. d4 cxd4 4. Nxd4 Nf6 5. Nc3 a6 6. Be2 e5 7. Nb3 Be7 8. O-O
O-O 9. f4 b5 10. Be3 Nbd7 11. a3 Bb7 12. Bf3 Qc7 13. g4 exf4 14. Bxf4 Ne5 15.
g5 Nfd7 16. Nd4 g6 17. Kh1 Nc5 18. Bg2 Ne6 19. Bxe5 dxe5 20. Nxe6 fxe6 21. Qg4
Qb6 22. Bh3 Rf5 23. Rfd1 Bxg5 24. Nd5 exd5 25. exf5 Bf4 26. Bg2 d4 27. fxg6
hxg6 28. Rg1 Rf8 29. Bxb7 Qxb7+ 30. Rg2 Rf6 31. Rf1 Qe4 32. Rfg1 Qd5 33. Qc8+
Kg7 34. Qc7+ Kh6 35. Qe7 Rf7 36. Qh4+ Kg7 37. Rf1 Rc7 38. Qg4 g5 39. Qf3 Qxf3
40. Rxf3 Kf6 41. Rh3 Kf5 42. Kg1 e4 43. Kf1 e3 44. Rh8 Ke4 45. h4 Kf3 46. hxg5
d3 47. Rh3+ Ke4 48. cxd3+ Kxd3 49. Re2 Bxg5 50. Rf3 Rc1+ 51. Re1 Kd2 0-1

[Event "Paris ch 2005"]
[Site "Paris FRA"]
[Date "2005.07.12"]
[Round "4.42"]
[White "Le Quang, Kim"]
[Black "Lamorelle, Julien"]
[Result "1-0"]
[WhiteElo "2330"]
[BlackElo "2202"]
[PlyCount "73"]
[EventDate "2005.07.09"]
[EventType "swiss"]
[EventRounds "9"]
[EventCountry "FRA"]
[Source "lmi"]
[SourceDate "2005.07.17"]

1. c4 Nf6 2. g3 g6 3. Bg2 Bg7 4. Nc3 d6 5. d3 O-O 6. Bg5 Nc6 7. Qd2 Bd7 8. Nf3
Qc8 9. Nd5 Re8 10. O-O Ng4 11. Qc1 e6 12. Nc3 h6 13. Bd2 Kh7 14. Rb1 e5 15. b4
Nd4 16. Ne1 Bc6 17. f3 Nf6 18. e3 Ne6 19. Nc2 b6 20. e4 h5 21. Nd5 h4 22. f4
hxg3 23. hxg3 Nh5 24. Qe1 exf4 25. gxf4 Ba4 26. Nce3 Nd4 27. Rc1 Bd7 28. c5 Ng3
29. Rf2 Bg4 30. Bf1 Bh3 31. f5 Bxf1 32. Rh2+ Kg8 33. Qxg3 Be5 34. Nf4 Ne2+ 35.
Rxe2 Bxe2 36. fxg6 Bd4 37. Nxe2 1-0

[Event "Paris ch 2005"]
[Site "Paris FRA"]
[Date "2005.07.12"]
[Round "4.43"]
[White "Vasilescu, Victor"]
[Black "Callet, Emmanuel"]
[Result "1/2-1/2"]
[WhiteElo "2208"]
[BlackElo "2223"]
[PlyCount "57"]
[EventDate "2005.07.09"]
[EventType "swiss"]
[EventRounds "9"]
[EventCountry "FRA"]
[Source "lmi"]
[SourceDate "2005.07.17"]

1. e4 d6 2. d4 Nf6 3. Nc3 g6 4. Nf3 Bg7 5. h3 O-O 6. Be3 Nbd7 7. Qd2 e5 8. dxe5
dxe5 9. O-O-O Qe7 10. Bc4 Nb6 11. Bb3 Be6 12. Bh6 a5 13. Bxg7 Kxg7 14. Qg5 Bxb3
15. cxb3 Rfe8 16. Rhe1 a4 17. Nh4 Kh8 18. b4 a3 19. b3 Nbd7 20. b5 Qc5 21. Qe3
Rad8 22. Kb1 Qxe3 23. Rxe3 Nc5 24. Rxd8 Rxd8 25. Kc2 Nfd7 26. Nf3 f6 27. g3 Nb6
28. Nb1 Nc8 29. Nc3 1/2-1/2

[Event "Paris ch 2005"]
[Site "Paris FRA"]
[Date "2005.07.12"]
[Round "4.44"]
[White "Leroux, Richard"]
[Black "Zharkov, Hleb"]
[Result "1/2-1/2"]
[WhiteElo "2200"]
[BlackElo "2219"]
[PlyCount "143"]
[EventDate "2005.07.09"]
[EventType "swiss"]
[EventRounds "9"]
[EventCountry "FRA"]
[Source "lmi"]
[SourceDate "2005.07.17"]

1. d4 d5 2. c4 c6 3. Nf3 Nf6 4. Nc3 e6 5. e3 Nbd7 6. Bd3 dxc4 7. Bxc4 b5 8. Bd3
Bd6 9. e4 e5 10. O-O O-O 11. Bg5 a6 12. Ne2 Qb6 13. Bxf6 gxf6 14. Ng3 Re8 15.
Nf5 Bf8 16. N3h4 exd4 17. Qg4+ Kh8 18. f4 Nc5 19. Rf3 Ne6 20. Rg3 Ng7 21. e5
fxe5 22. fxe5 Rxe5 23. Qf4 Qc7 24. Rf1 Bxf5 25. Nxf5 Nxf5 26. Bxf5 f6 27. Rh3
h6 28. Bc2 Qg7 29. Rhf3 c5 30. h4 c4 31. Rg3 Qe7 32. Qg4 Bg7 33. Qxd4 Qc5 34.
Qxc5 Rxc5 35. Re1 Rc7 36. Bf5 b4 37. Rg4 h5 38. Rge4 Rc5 39. Re8+ Rxe8 40.
Rxe8+ Bf8 41. Rxf8+ Kg7 42. Rc8 Rxf5 43. Rxc4 a5 44. a3 bxa3 45. bxa3 Kf7 46.
Kh2 Ke6 47. Kg3 Rb5 48. Kf4 Rd5 49. Kg3 Re5 50. Kf4 Rf5+ 51. Kg3 Rb5 52. Ra4
Kf5 53. Kh3 Rc5 54. g3 Ke5 55. Kg2 f5 56. Kf3 Rb5 57. Ke3 Rb3+ 58. Kf2 Rb5 59.
Kf3 Rb3+ 60. Kg2 Rb5 61. Rc4 Rb2+ 62. Kh3 Kd5 63. Rf4 Ke5 64. Ra4 Rb5 65. Rc4
Kd5 66. Ra4 Ke5 67. Kg2 Rb2+ 68. Kf3 Rb3+ 69. Kg2 Rb2+ 70. Kh3 Rb5 71. Rf4 Rb3
72. Ra4 1/2-1/2

[Event "Paris ch 2005"]
[Site "Paris FRA"]
[Date "2005.07.13"]
[Round "5.1"]
[White "Gouliev, Namig"]
[Black "Fressinet, Laurent"]
[Result "1/2-1/2"]
[WhiteElo "2555"]
[BlackElo "2627"]
[PlyCount "109"]
[EventDate "2005.07.09"]
[EventType "swiss"]
[EventRounds "9"]
[EventCountry "FRA"]
[Source "lmi"]
[SourceDate "2005.07.17"]

1. e4 d6 2. d4 Nf6 3. Nc3 g6 4. Nf3 Bg7 5. Be2 O-O 6. O-O Bg4 7. Be3 Nc6 8. Nd2
Bxe2 9. Qxe2 Nd7 10. Nb3 e6 11. Rad1 Ne7 12. Rfe1 h6 13. Rd3 Kh7 14. Bc1 a6 15.
Rh3 b5 16. Nd1 Ng8 17. c4 bxc4 18. Qxc4 d5 19. exd5 Nb6 20. Qc5 Nxd5 21. Nc3
Ndf6 22. Bf4 Rc8 23. Qa5 Ne7 24. Qxa6 Nfd5 25. Bg5 Qd6 26. Qc4 Nf5 27. Ne4 Qb4
28. Qxb4 Nxb4 29. g4 Nd6 30. Be7 Rh8 31. Nxd6 cxd6 32. Bxd6 Nd5 33. Rf3 Rhd8
34. Be5 Bxe5 35. dxe5 Kg7 36. Rc1 Ra8 37. a3 g5 38. Kf1 Nf4 39. Re3 Rab8 40.
Rb1 Rd5 41. Nc1 Rd1+ 42. Re1 Rd2 43. Ne2 Nd3 44. Red1 Rbxb2 45. Rxd2 Rxb1+ 46.
Kg2 Ne1+ 47. Kh3 Nf3 48. Ra2 Rb3 49. Ng3 Nxe5 50. a4 Ng6 51. Kg2 Nf4+ 52. Kg1
Rb1+ 53. Nf1 Nh3+ 54. Kg2 Nf4+ 55. Kg1 1/2-1/2

[Event "Paris ch 2005"]
[Site "Paris FRA"]
[Date "2005.07.13"]
[Round "5.5"]
[White "Moradiabadi, Elshan"]
[Black "Tregubov, Pavel V"]
[Result "0-1"]
[WhiteElo "2485"]
[BlackElo "2607"]
[PlyCount "50"]
[EventDate "2005.07.09"]
[EventType "swiss"]
[EventRounds "9"]
[EventCountry "FRA"]
[Source "lmi"]
[SourceDate "2005.07.17"]

1. d4 d5 2. c4 e6 3. Nf3 c6 4. g3 dxc4 5. Bg2 b5 6. Ne5 Bb7 7. a4 a6 8. O-O Nf6
9. axb5 axb5 10. Rxa8 Bxa8 11. b3 cxb3 12. Qxb3 Qxd4 13. Bb2 Qa4 14. Qe3 Bd6
15. Qg5 O-O 16. Nxc6 h6 17. Qd2 Bxc6 18. Bxc6 Bb4 19. Qc1 Nxc6 20. Qxc6 Rd8 21.
Bxf6 gxf6 22. Qc1 Kg7 23. Kg2 Ba5 24. Qc6 Rd5 25. f3 Qa2 0-1

[Event "Paris ch 2005"]
[Site "Paris FRA"]
[Date "2005.07.13"]
[Round "5.6"]
[White "Reinaldo Castineira, Roi"]
[Black "Yakovich, Yuri"]
[Result "0-1"]
[WhiteElo "2447"]
[BlackElo "2560"]
[PlyCount "110"]
[EventDate "2005.07.09"]
[EventType "swiss"]
[EventRounds "9"]
[EventCountry "FRA"]
[Source "lmi"]
[SourceDate "2005.07.17"]

1. e4 c5 2. Nf3 e6 3. d4 cxd4 4. Nxd4 Nf6 5. Nc3 Nc6 6. Ndb5 d6 7. Bf4 e5 8.
Bg5 a6 9. Bxf6 gxf6 10. Na3 b5 11. Nd5 Bg7 12. Bd3 Ne7 13. Nxe7 Qxe7 14. O-O
O-O 15. c4 f5 16. Qf3 d5 17. cxd5 fxe4 18. Bxe4 Rb8 19. Rac1 f5 20. Rxc8 Rbxc8
21. Bxf5 Qg5 22. Be6+ Kh8 23. Qd1 Rc7 24. Nc2 e4 25. Qe2 Bxb2 26. Qxe4 Qf4 27.
Qxf4 Rxf4 28. Ne3 Rd4 29. Nf5 Rd2 30. g4 Ba3 31. h4 Rcc2 32. g5 Rxf2 33. Rxf2
Bc5 34. d6 Rxf2 35. Kh1 Re2 36. d7 Bb6 37. Bb3 Rd2 38. Be6 Re2 39. Bb3 a5 40.
Nd6 a4 41. Bd5 Rd2 42. Nf7+ Kg7 43. Be6 b4 44. h5 Rd1+ 45. Kh2 b3 46. axb3 a3
47. b4 Bc7+ 48. Kg2 Rxd7 49. g6 a2 50. Bxa2 Rd2+ 51. Kf3 Rxa2 52. Ng5 Bd6 53.
gxh7 Bxb4 54. h6+ Kh8 55. Kg4 Be7 0-1

[Event "Paris ch 2005"]
[Site "Paris FRA"]
[Date "2005.07.13"]
[Round "5.8"]
[White "Meinhardt, Maximilian"]
[Black "Kengis, Edvins"]
[Result "1/2-1/2"]
[WhiteElo "2324"]
[BlackElo "2534"]
[PlyCount "72"]
[EventDate "2005.07.09"]
[EventType "swiss"]
[EventRounds "9"]
[EventCountry "FRA"]
[Source "lmi"]
[SourceDate "2005.07.17"]

1. e4 c5 2. Nc3 Nc6 3. g3 g6 4. Bg2 Bg7 5. d3 d6 6. f4 e6 7. Nf3 Nge7 8. O-O
O-O 9. Be3 b6 10. d4 Ba6 11. Re1 Qc7 12. Bf2 Rad8 13. a4 Nxd4 14. Nxd4 cxd4 15.
Bxd4 e5 16. Bf2 d5 17. exd5 exf4 18. a5 b5 19. Qe2 Nf5 20. Rad1 fxg3 21. hxg3
h5 22. Ne4 Rfe8 23. Qd2 Re5 24. d6 Qb8 25. Qf4 Bb7 26. Nf6+ Bxf6 27. Rxe5 Bxe5
28. Qxe5 Bxg2 29. Kxg2 Qb7+ 30. Kg1 Qd7 31. Re1 h4 32. gxh4 Nxd6 33. Bd4 Qg4+
34. Kf1 Qf5+ 35. Kg1 Qg4+ 36. Kf1 Qf3+ 1/2-1/2

[Event "Paris ch 2005"]
[Site "Paris FRA"]
[Date "2005.07.13"]
[Round "5.9"]
[White "Ghaem Maghami, Ehsan"]
[Black "Zaragatski, Ilja"]
[Result "1/2-1/2"]
[WhiteElo "2603"]
[BlackElo "2389"]
[PlyCount "148"]
[EventDate "2005.07.09"]
[EventType "swiss"]
[EventRounds "9"]
[EventCountry "FRA"]
[Source "lmi"]
[SourceDate "2005.07.17"]

1. c4 e5 2. g3 c6 3. d4 exd4 4. Qxd4 d5 5. cxd5 cxd5 6. Bg2 Nf6 7. Nf3 Nc6 8.
Qa4 Be7 9. O-O O-O 10. Nc3 Qb6 11. Qb5 Qxb5 12. Nxb5 Bg4 13. Be3 a6 14. Nbd4
Ne4 15. Rac1 Rac8 16. Nxc6 bxc6 17. Rfd1 Bf6 18. Bd4 c5 19. Bxf6 Nxf6 20. h3
Bf5 21. g4 Be4 22. e3 h6 23. Ne1 Bxg2 24. Kxg2 c4 25. Nf3 Rb8 26. Rc2 a5 27.
Nd4 a4 28. Ne2 Rb7 29. Nc3 Rfb8 30. Rdd2 Ne4 31. Nxe4 dxe4 32. Rxc4 Rxb2 33.
Rxb2 Rxb2 34. Rxa4 g5 35. Ra8+ Kg7 36. a4 Ra2 37. Kg3 Kh7 38. a5 Kg6 39. a6 Kg7
40. Kg2 Ra1 41. Kg3 Rg1+ 42. Kh2 Rf1 43. Kg2 Ra1 44. h4 Kh7 45. Kh2 Kg7 46. Kg2
Kh7 47. h5 Kg7 48. Ra7 Kg8 49. f3 exf3+ 50. Kxf3 Ra4 51. e4 Ra3+ 52. Kf2 Kf8
53. Ke2 Kg7 54. Ra8 Rg3 55. Kf2 Ra3 56. Ke2 Rg3 57. Kf1 Re3 58. a7 Ra3 59. Ke2
Ra2+ 60. Kd3 Ra1 61. Kd4 Ra2 62. e5 Ra1 63. Kc5 Rc1+ 64. Kd6 Ra1 65. Kc6 Rc1+
66. Kd7 Ra1 67. Ke7 Ra6 68. Kd7 Ra1 69. Kc7 Rc1+ 70. Kd6 Ra1 71. Kd7 Ra2 72.
Ke8 Ra1 73. Ke7 Ra6 74. Kd7 Ra1 1/2-1/2

[Event "Paris ch 2005"]
[Site "Paris FRA"]
[Date "2005.07.13"]
[Round "5.11"]
[White "Apicella, Manuel"]
[Black "Garcia Castro, Pablo"]
[Result "1-0"]
[WhiteElo "2553"]
[BlackElo "2377"]
[PlyCount "71"]
[EventDate "2005.07.09"]
[EventType "swiss"]
[EventRounds "9"]
[EventCountry "FRA"]
[Source "lmi"]
[SourceDate "2005.07.17"]

1. e4 e5 2. Nf3 d6 3. d4 exd4 4. Nxd4 Nf6 5. Nc3 Be7 6. Bf4 O-O 7. Qd2 a6 8.
Be2 Re8 9. O-O-O Bf8 10. f3 b5 11. Nb3 Nc6 12. Nd5 Nd7 13. Bg5 f6 14. Nxf6+
Nxf6 15. Bxf6 Qxf6 16. Qd5+ Be6 17. Qxc6 Qg5+ 18. Rd2 Qxg2 19. Rhd1 Qxh2 20.
Bxb5 Qf4 21. Ba4 g6 22. Kb1 Rec8 23. Nd4 Bf7 24. Bb3 Bxb3 25. axb3 Bg7 26. Qd5+
Kh8 27. Ne6 Qf6 28. c3 Rab8 29. Qc4 Re8 30. Nxc7 Rec8 31. Rxd6 Qxf3 32. Rd7 Be5
33. Rf1 Qh3 34. Rff7 Rxc7 35. Rxc7 Bxc7 36. Qd4+ 1-0

[Event "Paris ch 2005"]
[Site "Paris FRA"]
[Date "2005.07.13"]
[Round "5.12"]
[White "Bagheri, Amir"]
[Black "Nguyen, Chi-Minh"]
[Result "1/2-1/2"]
[WhiteElo "2537"]
[BlackElo "2371"]
[PlyCount "43"]
[EventDate "2005.07.09"]
[EventType "swiss"]
[EventRounds "9"]
[EventCountry "FRA"]
[Source "lmi"]
[SourceDate "2005.07.17"]

1. d4 e6 2. Nf3 Nf6 3. c4 b6 4. g3 Bb7 5. Bg2 Be7 6. O-O O-O 7. d5 Na6 8. Nc3
Bb4 9. Ng5 Bxc3 10. bxc3 Nc5 11. e4 h6 12. e5 Nxd5 13. cxd5 hxg5 14. c4 exd5
15. cxd5 d6 16. exd6 cxd6 17. Qh5 f6 18. f4 gxf4 19. Bxf4 Qe8 20. Qxe8 Rfxe8
21. Bxd6 Ne4 22. Bb4 1/2-1/2

[Event "Paris ch 2005"]
[Site "Paris FRA"]
[Date "2005.07.13"]
[Round "5.13"]
[White "Drasko, Milan"]
[Black "Onkoud, Abdelaziz"]
[Result "1-0"]
[WhiteElo "2516"]
[BlackElo "2361"]
[PlyCount "73"]
[EventDate "2005.07.09"]
[EventType "swiss"]
[EventRounds "9"]
[EventCountry "FRA"]
[Source "lmi"]
[SourceDate "2005.07.17"]

1. Nf3 f5 2. g3 Nf6 3. Bg2 e6 4. O-O d5 5. d3 Bd6 6. Nc3 e5 7. e4 d4 8. Nb5
fxe4 9. dxe4 O-O 10. c3 c5 11. Qb3+ Kh8 12. Ng5 a6 13. Nxd6 Qxd6 14. cxd4 cxd4
15. Nf7+ Rxf7 16. Qxf7 Nc6 17. Bg5 Be6 18. Qxb7 Ra7 19. Qb6 Nd7 20. Be7 Nxb6
21. Bxd6 Rd7 22. Bc5 Na4 23. Rfc1 h6 24. Ba3 Na5 25. Bb4 Nb7 26. b3 a5 27. Bd2
Nac5 28. Bxa5 Nd3 29. Rc6 Bg4 30. Bd2 Rf7 31. f3 Rxf3 32. Rf1 Rxf1+ 33. Kxf1
Nd8 34. Rb6 Nf7 35. a4 Ng5 36. Bxg5 hxg5 37. a5 1-0

[Event "Paris ch 2005"]
[Site "Paris FRA"]
[Date "2005.07.13"]
[Round "5.14"]
[White "Marzolo, Cyril"]
[Black "Abergel, Thal"]
[Result "1-0"]
[WhiteElo "2388"]
[BlackElo "2446"]
[PlyCount "75"]
[EventDate "2005.07.09"]
[EventType "swiss"]
[EventRounds "9"]
[EventCountry "FRA"]
[Source "lmi"]
[SourceDate "2005.07.17"]

1. Nf3 c5 2. c4 Nc6 3. Nc3 g6 4. e3 d6 5. d4 Bg4 6. Be2 Bg7 7. d5 Bxf3 8. gxf3
Nb8 9. f4 Nh6 10. h4 Nf5 11. h5 e5 12. dxe6 fxe6 13. Rg1 Nc6 14. Qa4 Bxc3+ 15.
bxc3 Qf6 16. Bd2 O-O-O 17. O-O-O gxh5 18. Bxh5 Rhg8 19. Bf3 Nfe7 20. Rg3 Rg7
21. Rh1 Rdg8 22. Rhh3 a6 23. Be4 h6 24. Qd1 Na5 25. Bd3 d5 26. cxd5 Nxd5 27.
Qh5 c4 28. Bc2 Nxc3 29. Qxa5 Ne2+ 30. Kb1 c3 31. Be1 Kb8 32. Bd3 c2+ 33. Bxc2
b6 34. Qxb6+ Ka8 35. Qxa6+ Kb8 36. Be4 Nxg3 37. Qa8+ Kc7 38. Qb7+ 1-0

[Event "Paris ch 2005"]
[Site "Paris FRA"]
[Date "2005.07.13"]
[Round "5.15"]
[White "Sriram, Jha"]
[Black "Paredes Galan, Angel"]
[Result "1-0"]
[WhiteElo "2437"]
[BlackElo "2334"]
[PlyCount "81"]
[EventDate "2005.07.09"]
[EventType "swiss"]
[EventRounds "9"]
[EventCountry "FRA"]
[Source "lmi"]
[SourceDate "2005.07.17"]

1. d4 Nf6 2. c4 g6 3. Nc3 d5 4. Nf3 Bg7 5. Bg5 Ne4 6. cxd5 Nxg5 7. Nxg5 c6 8.
Nf3 cxd5 9. e3 O-O 10. Be2 b6 11. O-O Bb7 12. Qb3 e6 13. Rac1 Nc6 14. Qa3 Re8
15. Ba6 Bf8 16. Qa4 Bxa6 17. Qxa6 Qd7 18. a3 Rac8 19. Rfd1 Bd6 20. Rc2 Kg7 21.
Rdc1 Bb8 22. Qb5 Qb7 23. Nxd5 Nxd4 24. Nxd4 exd5 25. g3 Rxc2 26. Rxc2 Rc8 27.
Rxc8 Qxc8 28. Qc6 Qd8 29. f4 a6 30. Kf2 Qd6 31. Qc3 Qf6 32. Ke2 b5 33. Qc6 Qxc6
34. Nxc6 Bd6 35. Kd3 Kf6 36. Kd4 h5 37. Kxd5 Bc7 38. Nd4 g5 39. Kc6 Ba5 40. b4
Bd8 41. Kb7 1-0